Statistics for European Major Trophies since 2000

Click here to take the quiz!

General Stats

  • This quiz has been taken 31 times
  • The average score is 43 of 49

Answer Stats

Answer% Correct
2009Barcelona
100%
2011Barcelona
100%
2015Barcelona
100%
2006Barcelona
100%
2017Real Madrid
100%
2016Real Madrid
100%
2014Real Madrid
100%
2000Real Madrid
100%
2022Real Madrid
100%
2002Real Madrid
100%
2018Real Madrid
100%
2007Sevilla
100%
2020Bayern Munich
96%
2001Bayern Munich
96%
2013Bayern Munich
96%
2021Chelsea
96%
2012Chelsea
96%
2013Chelsea
96%
2019Chelsea
96%
2001Liverpool
96%
2019Liverpool
96%
2005Liverpool
96%
2008Manchester United
96%
2017Manchester United
96%
2023Sevilla
96%
2020Sevilla
96%
2016Sevilla
96%
2015Sevilla
96%
2014Sevilla
96%
2006Sevilla
96%
2023West Ham United
92%
2007AC Milan
88%
2003AC Milan
88%
2022AS Roma
88%
2011Porto
88%
2004Porto
88%
2003Porto
88%
2010Inter Milan
85%
2010Atletico Madrid
73%
2012Atletico Madrid
73%
2018Atletico Madrid
73%
2004Valencia
69%
2022Frankfurt
65%
2021Villareal
65%
2009Shakhtar Donetsk
54%
2000Galatasaray
42%
2008Zenit Saint Petersburg
42%
2002Feyenoord
38%
2005CSKA Moscow
35%

Score Distribution

Percentile by Number Answered

Percent of People with Each Score

Your Score History

You have not taken this quiz